| 000 | 00724nam a22001937a 4500 | ||
|---|---|---|---|
| 999 |
_c187449 _d187449 |
||
| 005 | 20220420103957.0 | ||
| 010 | _aENG-132333 | ||
| 020 |
_a9788187892533 _c500.00 |
||
| 035 | _aEN-115865 | ||
| 037 | _bDBAD/PUB | ||
| 082 | _a327.5482059 | ||
| 100 | _aSachithanantham, Singaravelu | ||
| 245 |
_aTamil Cultural Relations With Southeast Asia: _bWith Special Reference to Tamil Bhakti Literature and the Ramayana Versions/ _cSingaravelu Sachithanantham and Edited by G. John Samuel |
||
| 260 |
_aChennai _bThe Institute Of Asian Studies _c2012 |
||
| 270 |
_aChemmancherry _bChennai _e600119 |
||
| 300 |
_axi, 349p. _c25cm(pbk) |
||
| 700 | _aEdited by Samuel, G. John | ||
| 942 |
_2ddc _cEN _h327.5482059 _mSAC |
||